00337nam a2200109Ia 4500008004100000082002000041100002100061245002200082260004000104630001800144650006500162211109s9999||||xx |||||||||||||| ||und|| a894.8123bVIV-P aVivekanandan G,  0aPirannal Sammanam bNational Book StallaKottayamc1900 xGENERAL STACK aMalayalam LiteraturevMalayalam FictionxLiteratureGeneralia